000 00511cam1a220018100 4500
001 tmp16002195
003 UPRA
005 20190830105540.0
008 951120s1974 gw ger u
035 _a(Sirsi) r26409
035 _a(UPRA)tmp16002195
040 _cUPRA
100 1 _aFrisch, Max, 1911-
_dFrisch, Max, 1911-
_6A64784.1
245 1 0 _aMein Name Sei Gantenbein :
_bRoman.
260 _a[Frankfurt] :
_bFischer,
_c[1974]
949 _aPT2611.R814
_wlcc
_i-27151
_mMAIN
_tBOOK
_lON-SHELF
004 26409
999 _c186967
_d186967